| 000 | 00515nam a2200181Ia 4500 | ||
|---|---|---|---|
| 008 | 131103s9999 xx 000 0 und d | ||
| 040 | _aLoreto College | ||
| 041 | _aEnglish | ||
| 082 |
_aREF/920/CHA-PEA _bLCBED/5786 |
||
| 100 | _aPeach, L. Du Grade | ||
| 245 | 4 |
_aThe story of Charles II _cL. Du Grade Peach |
|
| 260 |
_aLoughborough _bWills & Hepworth _c1960 |
||
| 300 |
_a50p. _b ill. _c 20cm. |
||
| 440 | _aAn adventure from history | ||
| 650 | _aBiography | ||
| 850 | _aLCBED/REF/920/CHA-PEA | ||
| 942 | _cBK | ||
| 999 |
_c33635 _d84114 |
||